000
00324nam a2200145Ia 4500
100
_a
Scheffel/ R.L. ed
650
_a
General
942
_c
RB
654
_a
Natural wonders
245
_a
Natural wonders of the world
260
_b
Reading digest
_a
Hongkong
_c
1980
082
_a
910.02
300
_a
463
546
_a
ENGLISH
999
_c
17856
_d
17856